Les Voyages et aventures extraordinaires du frère Angelo : roman /

সংরক্ষণ করুন:
গ্রন্থ-পঞ্জীর বিবরন
প্রধান লেখক: Hocquenghem, Guy
বিন্যাস: গ্রন্থ
ভাষা:ফরাসি
প্রকাশিত: Paris : Albin Michel, 1988
ট্যাগগুলো: ট্যাগ যুক্ত করুন
কোনো ট্যাগ নেই, প্রথমজন হিসাবে ট্যাগ করুন!

MARC

LEADER 00000nam a22000007i 4500
001 IT\ICCU\TSA\1679994
003 ItRI
005 20260115231839.0
008 210128s1988 fr |||||| ||||| |||||c
020 |a 2226034420 
040 |b ita  |c importazione bologna sebina 
041 7 |a fre  |2 ISO-639-2 
100 1 |a Hocquenghem, Guy  |0 IT\ICCU\RAVV\023956 
240 1 4 |a Les Voyages et aventures extraordinaires du frère Angelo  |3 IT\ICCU\TSA\1679995  |9 Hocquenghem, Guy 
245 1 4 |a Les Voyages et aventures extraordinaires du frère Angelo :  |b roman /  |c Guy Hocquenghem. 
260 |a Paris :  |b Albin Michel,  |c 1988 
300 |a 309 p. ;  |c 23 cm. 
942 |2 ddc  |c BK  |n 0 
952 |0 0  |1 0  |4 0  |6 DOC_843_914000000000000_HOC  |7 0  |9 14121  |a BO  |b BO  |d 2026-01-15  |i 3796  |l 0  |o DOC 843.914 HOC  |p BO3796  |r 2026-01-15 23:18:39  |w 2026-01-15  |x [Sebina 5] [1 v.]  |y BK  |z 1 v. 
999 |c 12178  |d 12178